[Event "Wch U08"]
[Site "Sharm El Sheikh"]
[Date "2023.10.22"]
[Round "7"]
[White "Melkonyan, Davit"]
[Black "Kaminskii, Daniil"]
[Result "0-1"]
[WhiteElo "1228"]
[BlackElo "1426"]
[PlyCount "74"]
[EventDate "2023.10.16"]
[EventType "swiss"]
[EventRounds "11"]
[EventCountry "EGY"]
[SourceTitle "EXT 2025"]
[Source "ChessBase"]
[SourceDate "2024.10.14"]
[SourceVersion "1"]
[SourceVersionDate "2024.10.14"]
[SourceQuality "1"]

1. e4 e5 2. Nf3 Nc6 3. Bb5 Nf6 4. 0-0 Nxe4 5. d4 Nd6 6. dxe5 Nxb5 7. a4 Nbd4 8. Nxd4 Bc5 9. Nf5 g6 10. Ng3 0-0 11. Ne4 Be7 12. f4 d5 13. exd6 cxd6 14. c4 Be6 15. b3 d5 16. cxd5 Bxd5 17. Nbd2 Qb6+ 18. Nf2 Nd4 19. Re1 Bc5 20. a5 Qf6 21. Nde4 Bxe4 22. Nxe4 Ne2+ 23. Kh1 Qxa1 24. Qxe2 Bd4 25. Rd1 Bg7 26. Bd2 Qb2 27. b4 Rfe8 28. h3 Qc2 29. Re1 f5 30. Rc1 Qxe4 31. Qb5 Qd4 32. Bc3 Qxf4 33. Bxg7 Qxc1+ 34. Kh2 Qf4+ 35. g3 Qf2+ 36. Kh1 Re1+ 37. Qf1 Rxf1# 0-1